000 00679nam a22002292 4500
001 0000006205
005 20151217152014.0
008 070926s xx 000 0 eng d
020 _a8131709159 :
_cKES 940
040 _aKABU
_cKABU
100 1 _aPolaris, Joseph C.
_@0000157602
245 1 0 _aFiber optic communications.
250 _a4th ed.
260 _aBangladesh :
_bPearson,
_c1998.
300 _aix, 342 p.
650 0 _aOptical communication.
_@0000157603
650 0 _aFiber optics.
_@0000157604
908 _a070926
950 _@1
999 _c7226
_d7226